Normal view
MARC view
Entry Nombre geográfico
001 - NÚMERO DE CONTROL
- campo de control: 236628
003 - IDENTIFICADOR DE NÚMERO DE CONTROL
- campo de control: ES-MaACL
005 - FECHA Y HORA DE LA ÚLTIMA TRANSACCIÓN
- campo de control: 20240523151742.0
008 - ELEMENTOS DE DATO DE LONGITUD-FIJA
- campo de control de longitud fija: 240523|| aca||aabn | a|a d
040 ## - FUENTE DE CATALOGACIÓN
- Centro catalogador/agencia de origen: ES-MaACL
- Centro/agencia transcriptor: ES-MaACL
151 ## - ENCABEZAMIENTO--NOMBRE GEOGRÁFICO
- Nombre geográfico: Calzadilla
- Subdivisión general: Historia
670 ## - FUENTE DE DATOS ENCONTRADOS
- Cita de la fuente: Work cat.: (ES-MaACL)194996: Ramos Rubio, José Antonio, 1963- 174430, Historia y patrimonio de calzadilla y su territorio /
